| 000 | 00729nam a2200169 i 4500 | ||
|---|---|---|---|
| 001 | 83138 | ||
| 003 | ES-MaACL | ||
| 005 | 20230906174802.0 | ||
| 007 | t| | ||
| 008 | 180606q18801890be ||||1| fre d | ||
| 110 | 2 |
_aH. de Ville-Chatel & Cie. _9164912 |
|
| 245 | 1 | 0 |
_aVoie de soigne portative et semi-portative a pose rapide système breveté en tous pays _b: matériel roulant pour chantiers, exploitations et industries / _cH. de Ville-Chatel & Cie, ateliers de constructions mécaniques, chaudronnerie, fonderie... |
| 260 |
_a[Belgique? : _bs.n., _c188-?] ( _fP. Weissembruch) |
||
| 300 |
_aVIII, 68 p. : _bil. ; _c32 cm. |
||
| 650 | 4 |
_aIndustria ferroviaria- _vCatálogos comerciales. _9164913 |
|
| 852 |
_aES-MaACL _jT-502-F-16 |
||
| 999 |
_c83138 _d83138 |
||